Stellar physics (Record no. 3313)

MARC details
000 -LEADER
fixed length control field 00607nam a2200193Ia 4500
003 - CONTROL NUMBER IDENTIFIER
control field IN-BaIIA
008 - FIXED-LENGTH DATA ELEMENTS--GENERAL INFORMATION
fixed length control field 211028s9999 xx 000 0 eng d
040 ## - CATALOGING SOURCE
Transcribing agency IIA Library
080 ## - UNIVERSAL DECIMAL CLASSIFICATION NUMBER
Universal Decimal Classification number 524.3
Item number CHI-1
100 ## - MAIN ENTRY--PERSONAL NAME
Personal name Chiu, Hong-Yee
9 (RLIN) 5611
245 #0 - TITLE STATEMENT
Title Stellar physics
Remainder of title vol. 1
Statement of responsibility, etc. Hong-Yee Chiu
260 ## - PUBLICATION, DISTRIBUTION, ETC.
Place of publication, distribution, etc. Waltham
Name of publisher, distributor, etc. Blaisdell Publishing
Date of publication, distribution, etc. 1968
300 ## - PHYSICAL DESCRIPTION
Extent xxv, 550p.
490 ## - SERIES STATEMENT
Series statement A blaisdell book in the pure and applied sciences
650 ## - SUBJECT ADDED ENTRY--TOPICAL TERM
Topical term or geographic name entry element Astronomy and astrophysics thesaurus
650 ## - SUBJECT ADDED ENTRY--TOPICAL TERM
Topical term or geographic name entry element Stellar evolution
650 ## - SUBJECT ADDED ENTRY--TOPICAL TERM
Topical term or geographic name entry element Stellar structure
942 ## - ADDED ENTRY ELEMENTS (KOHA)
Koha item type Books
Holdings
Withdrawn status Lost status Damaged status Not for loan Home library Current library Shelving location Date acquired Cost, normal purchase price Total Checkouts Full call number Barcode Date last seen Cost, replacement price Price effective from Koha item type Purchase Price
        IIA Library-Bangalore IIA Library-Bangalore General Stacks 22/10/1969 90.00   524.3/ CHI-1 3679 05/11/2021 90.00 22/10/1969 Books Rs. 90.00

Powered by Koha